ARRUPE JESUIT UNIVERSITY

CORONAVIRUS -STOP THE SPREAD - CLEAN,DISINFECT,COVER

12th Conference on Software Engineering Education & Training : (Record no. 117763)

MARC details
000 -LEADER
fixed length control field 01612cam a2200373 a 4500
001 - CONTROL NUMBER
control field 2301484
003 - CONTROL NUMBER IDENTIFIER
control field ARRUPE
005 - DATE AND TIME OF LATEST TRANSACTION
control field 20130905135708.0
008 - FIXED-LENGTH DATA ELEMENTS--GENERAL INFORMATION
fixed length control field 970505s1999 caua b 101 0 eng d
020 ## - INTERNATIONAL STANDARD BOOK NUMBER
International Standard Book Number 0769501311 (paper)
020 ## - INTERNATIONAL STANDARD BOOK NUMBER
International Standard Book Number 0769501338 (microfiche)
035 ## - SYSTEM CONTROL NUMBER
System control number (OCoLC)504504345
035 ## - SYSTEM CONTROL NUMBER
System control number (OCoLC)ocn504504345
035 ## - SYSTEM CONTROL NUMBER
System control number (NNC)2301484
040 ## - CATALOGING SOURCE
Original cataloging agency NNC
Transcribing agency NNC
050 #4 - LIBRARY OF CONGRESS CALL NUMBER
Classification number QA76.758
Item number .C68 1999
300 ## - PHYSICAL DESCRIPTION
Other physical details ill. ;
Dimensions 23 cm.
111 2# - MAIN ENTRY--MEETING NAME
Meeting name or jurisdiction name as entry element Conference on Software Engineering Education
Number of part/section/meeting (12th :
Date of meeting 1999 :
Location of meeting New Orleans, La.)
9 (RLIN) 64
245 10 - TITLE STATEMENT
Title 12th Conference on Software Engineering Education & Training :
Remainder of title Proceedings ; March 22-24, 1999, New Orleans, Louisiana, USA /
Statement of responsibility, etc edited by Hossein Saiedian ; sponsored by IEEE Xomputer Society ... [et al.] ; in cooperation with ACM.
246 1# - VARYING FORM OF TITLE
Display text At head of title:
Title proper/short title Proceedings
246 30 - VARYING FORM OF TITLE
Title proper/short title Software Engineering Education & Training
246 1# - VARYING FORM OF TITLE
Title proper/short title Twelfth Conference on Software Engineering Education & Training
246 30 - VARYING FORM OF TITLE
Title proper/short title CSEE&T'99
260 ## - PUBLICATION, DISTRIBUTION, ETC. (IMPRINT)
Place of publication, distribution, etc Los Alamitos, Calif. :
Name of publisher, distributor, etc IEEE Computer Society Press,
Date of publication, distribution, etc c1999.
300 ## - PHYSICAL DESCRIPTION
Extent xiii, 198 p. :
500 ## - GENERAL NOTE
General note "IEEE Computer Society Press order number PR0013"--T.p. verso.
500 ## - GENERAL NOTE
General note "IEEE Plan order number PR00131"--T.p. verso.
504 ## - BIBLIOGRAPHY, ETC. NOTE
Bibliography, etc Includes bibliographical references and index.
650 #0 - SUBJECT ADDED ENTRY--TOPICAL TERM
Topical term or geographic name as entry element Software engineering
General subdivision Study and teaching (Higher)
Form subdivision Congresses.
9 (RLIN) 65
700 1# - ADDED ENTRY--PERSONAL NAME
Personal name Saiedian, Hossein.
9 (RLIN) 66
710 2# - ADDED ENTRY--CORPORATE NAME
Corporate name or jurisdiction name as entry element Carnegie-Mellon University.
Subordinate unit Software Engineering Institute.
9 (RLIN) 67
710 2# - ADDED ENTRY--CORPORATE NAME
Corporate name or jurisdiction name as entry element Association for Computing Machinery.
9 (RLIN) 68
942 ## - ADDED ENTRY ELEMENTS (KOHA)
Source of classification or shelving scheme Library of Congress Classification
Koha item type Monograph ( Printed materials)

No items available.

 

Arrupe Library. PO Box MP320 Mt Pleasant, Harare, Zimbabwe
263 242 745411|librarian@aju.ac.zw